• 首页
  • 本馆介绍
  • 公告通知
  • 最新文献
  • 馆藏检索
  • 电子资源
  • 读者导购
  • 参考咨询
  • 我的图书馆
  • 登录
  • 详细信息显示
  • 放入我的书架
  • 预约/预借图书
  • 作者相关作品
  • 分类相关作品
  • 丛书相关作品
  • 出版社相关作品

书目信息

  • 表格格式
  • 工作单格式
  • 卡片格式
题名:
财务管理信息化研究
    
 
作者: 王盛 著
分册:  
出版信息: 长春   吉林大学出版社  2020.10
页数: 233页
开本: 24cm
丛书名:
单 册:
中图分类: F275-39
科图分类:
主题词: 财务管理--cai wu guan li--管理信息系统--研究
电子资源:
ISBN: 978-7-5692-7256-7
000 00828nam0 2200229 450
001 2157991404
005 20211011172911.0
010    @a978-7-5692-7256-7@dCNY55.00
100    @a20210118d2020 em y0chiy50 ea
101 0  @achi
102    @aCN@b220000
105    @ay z 000yy
106    @ar
200 1  @a财务管理信息化研究@Acai wu guan li xin xi hua yan jiu@f王盛著
210    @a长春@c吉林大学出版社@d2020.10
215    @a233页@d24cm
330    @a本书共七章,主要内容包括:财务管理信息化发展的基本概况、财务管理信息的系统分析、财务管理信息化的应用分析、会计管理信息化、财务管理信息化、财务分析信息化、企业财务管理信息化制度建设。
606 0  @a财务管理@Acai wu guan li@x管理信息系统@x研究
690    @aF275-39@v5
701  0 @a王盛@Awang sheng@4著
801  0 @aCN@b百万庄@c20211007
905    @b1306045-48@dF275-39@e1801@f4
    
    财务管理信息化研究/王盛著.-长春:吉林大学出版社,2020.10
    233页;24cm
    
    
    ISBN 978-7-5692-7256-7:CNY55.00
    本书共七章,主要内容包括:财务管理信息化发展的基本概况、财务管理信息的系统分析、财务管理信息化的应用分析、会计管理信息化、财务管理信息化、财务分析信息化、企业财务管理信息化制度建设。
●
相关链接 在E读中查询图书 在五车中查询图书 在当当中查询图书 在豆瓣中查询图书


正题名:财务管理信息化研究     索取号:F275-39/1801         预约/预借

序号 登录号 条形码 馆藏地/架位号 状态 备注
1 1306045   213060453   第一样本阅览室/ [索取号:F275-39/1801] 在馆    
2 1306046   213060462   第一借阅区/ [索取号:F275-39/1801] 在馆    
3 1306047   213060471   第一借阅区/ [索取号:F275-39/1801] 在馆    
4 1306048   213060480   第一借阅区/ [索取号:F275-39/1801] 在馆    
唐山师范学院图书馆 欢迎您!
大连网信软件有限公司© 版权所有